| 000 | 00329nam a22001337a 4500 | ||
|---|---|---|---|
| 008 | 170628b xxu||||| |||| 00| 0 eng d | ||
| 020 | _a0393927083 | ||
| 041 | _aeng | ||
| 080 |
_28TH _a82 |
||
| 100 | _a21 | ||
| 101 | _aGJL | ||
| 245 |
_aTEACHING WITH THE NORTON ANTHOLOGY OF ENGLISH LITERATURE _cARCHIMEDES,S |
||
| 942 |
_2udc _cBK |
||
| 999 |
_c19316 _d19316 |
||